00399cam a2200157ua 45000010005000000080039000050400009000440820013000531000035000662450049001012500009001502600040001593000013001996530013002126530016002253689111129n ii |||gr||||Z||||||asm cMAIN a891.4518 aGoswami, Rohini Ballav Sastri,11aSu bhasitamcby Rohini ballav Goswami Sastri a2nd. aGuwahati:bAbhrushi Prakash,c2000. a60p:0cm. aAssamese aSu bhasitam